Statistics for Rock Songs #1

Click here to take the quiz!

General Stats

  • This quiz has been taken 81 times
  • The average score is 5 of 20

Answer Stats

Song NameNumber of Spotify Streams to nearest MillionArtist% Correct
One546Metallica
75%
Island In the Sun719Weezer
55%
Let There be Rock87AC/DC
51%
Lick It Up92Kiss
41%
Tush177ZZ Top
40%
Polly122Nirvana
37%
Aces High110Iron Maiden
35%
Painkiller135Judas Priest
32%
Overkill69Motorhead
29%
Angle Of Death97Slayer
24%
Fairies Wear Boots36Black Sabbath
21%
Peaches132The Presidents Of the United States
19%
Flying Whales51Gojira
11%
And I love Her75Kurt Cobain
9%
Blood And Thunder72Mastodon
9%
Princess of the Night37Saxon
8%
O Father O Satan O Sun!18Behemoth
5%
Six Pack17Black Flag
5%
Police Truck30Dead Kennedys
5%
Mjød11Kvelertak
5%

Score Distribution

Percentile by Number Answered

Percent of People with Each Score

Your Score History

You have not taken this quiz